Statistiques concernant Clubs ayant eu le plus de Ballon d’Or

Cliquez ici pour prendre le quiz!

Statistiques générales

  • Ce quiz a été pris 291 fois
  • Le résultat moyen est 12 sur 21

Statistiques - réponses

IndiceRéponse% Correct
14FC Barcelone
100%
9Real Madrid
100%
2 Paris Saint Germain
96%
6AC Milan
94%
4Manchester United
94%
5Bayern Munich
93%
9Juventus Turin
93%
2Inter Milan
91%
1Olympique de Marseille
90%
1Liverpool
86%
1Borussia Dortmund
70%
2Ajax Amsterdam
69%
1Benfica Lisbonne
50%
1PSV Eindhoven
37%
1Dynamo Moscou
25%
2Dynamo Kiev
17%
2Hambourg SV
17%
1Dukla Prague
6%
1Borussia Mönchengladbach
3%
1Ferencváros TC
3%
1 Blackpool
2%

Distribution des résultats

Percentile par nombre de réponses

% des personnes avec chaque résultat

Votre développement - résultats

Vous n’avez pas pris ce quiz